Datum a čas kvízu
12
Celkem bodů
Celkový počet nahraných bodů na tomto kvízu bez doplňovacích otázek.
2.
Pořadí na kvízu
Konečné umístění týmu na tomto kvízu.
Zaznamenané odpovědi
| # | Otázka | Odpověď | Body | Výsledky |
|---|---|---|---|---|
| 1. | Europoslanci Pavel Telička a P... | 0 | ||
| 2. | Americký prezident Donald Trum... | 0 | ||
| 3. | Cenu Grammy za nejlepší rockov... | 0 | ||
| 4. | Společnost Google minulý týden... | 0 | ||
| 5. | Martina Sáblíková šokovala sou... | 0 | ||
| 7. | Kterou barvou je na mapě vyzna... | 0 | ||
| 8. | Jak se slovy na V a K česky ří... | 0 | ||
| 9. | Jak se jmenuje jedna z největš... | 0 | ||
| 10. | Vzhledem k přírodním podmínkám... | 0 | ||
| 43. | Která z těchto kosmetických zn... | 1 |